Top 100 Current Receivers based off of 2021 - Statistics

General Stats
  • This quiz has been taken 24 times
  • The average score is 28 of 110
Answer Stats
Rank Team Yards Answer % Correct
1 Rams 1,947 Cooper Kupp
100%
4 Bengals 1,455 JaMarr Chase
100%
2 Vikings 1,616 Justin Jefferson
100%
7 Bills 1,225 Stefon Diggs
100%
6 Dolphins 1,239 Tyreek Hill
100%
3 Packers 1,553 Davante Adams
96%
25 Seahawks 967 DK Metcalf
96%
21 Bucs 1,035 Mike Evans
96%
5 49ers 1,405 Deebo Samuel
91%
27 Lions 912 Amon-Ra St. Brown
74%
14 Cowboys 1,102 CeeDee Lamb
74%
52 (prob top 5) Cardinals 572 DeAndre Hopkins
74%
12 Chargers 1,138 Keenan Allen
74%
60 Bucs 545 Antonio Brown
70%
13 Bucs 1,103 Chris Godwin
70%
26 Eagles 916 DeVonta Smith
70%
10 Panthers 1,157 DJ Moore
70%
11 Chargers 1,146 Mike Williams
70%
30 Browns 865 Amari Cooper
65%
28 (prob top 10) Eagles 869 AJ Brown
57%
33 Jaguars 832 Marvin Jones
57%
22 Dolphins 1,015 Jaylen Waddle
48%
81 (prob top 30) Bucs 434 Julio Jones
48%
41 Vikings 726 Adam Thielen
43%
20 Texans 1,037 Brandin Cooks
43%
98 (prob top 50) Colts 331 TY Hilton
43%
85 (prob top 40) Rams 410 Allen Robinson
39%
HM Falcons 281 Calvin Ridley
35%
38 Broncos 776 Courtland Sutton
35%
32 Cardinals 848 AJ Green
30%
72 (prob top 25) Broncos 467 Jerry Jeudy
30%
63 Giants 521 Kenny Golladay
30%
57 (prob top 30) Titans 556 Robert Woods
30%
35 49ers 826 Brandon Aiyuk
26%
47 Bills 626 Emmanuel Sanders
26%
54 (prob top 25) Saints 570 Jarvis Landry
26%
8 Seahawks 1,175 Tyler Lockett
26%
31 Steelers 860 Chase Claypool
22%
66 (prob top 30) Patriots 515 DeVante Parker
22%
18 Commanders 1,053 Terry McLaurin
22%
34 Bengals 828 Tyler Boyd
22%
24 Jaguars 982 Christian Kirk
17%
73 Raiders 454 DeSean Jackson
17%
19 Raiders 1,038 Hunter Renfrow
17%
29 Patriots 866 Jakobi Meyers
17%
16 Colts 1,082 Michael Pittman
17%
62 Rams 537 Odell Beckham
17%
92 (prob top 60) Packers 375 Randall Cobb
17%
88 (prob top 50) Packers 394 Sammy Watkins
17%
15 Bengals 1,091 Tee Higgins
17%
67 Packers 513 Allen Lazard
13%
17 Bears 1,055 Darnell Mooney
13%
9 Steelers 1,161 Diontae Johnson
13%
37 Patriots 800 Kendrick Bourne
13%
23 Cardinals 1,008 Marquise Brown
13%
77 Texans 446 Nico Collins
13%
79 Cardinals 435 Rondale Moore
13%
82 Jets 431 Braxton Berrios
9%
43 Bills 693 Cole Beasley
9%
68 Jets 492 Corey Davis
9%
97 (prob top 70) Giants 339 Darius Slayton
9%
58 Bills 549 Gabriel Davis
9%
71 Raiders 469 Henry Ruggs
9%
51 Lions 576 Kalif Raymond
9%
44 Chiefs 693 Mecole Hardman
9%
65 Ravens 515 Rashod Bateman
9%
39 Bucs 770 Russell Gage
9%
49 Dolphins 602 Cedrick Wilson
4%
HM Texans 248 Danny Amendola
4%
HM Lions 154 DJ Chark
4%
61 Jets 538 Elijah Moore
4%
76 Jets 447 Jamison Crowder
4%
HM Giants 224 John Ross
4%
84 Giants 420 Kadarius Toney
4%
74 Jets 449 Keelan Cole
4%
42 Saints 698 Marquez Callaway
4%
83 (prob top 50) Chiefs 430 Marquez Valdes-Scantling
4%
78 (prob top 40) Cowboys 445 Michael Gallup
4%
HM 49ers 177 Mohamed Sanu
4%
HM Colts 162 Parris Campbell
4%
46 Eagles 647 Quez Watkins
4%
64 Panthers 519 Robby Anderson
4%
40 Broncos 734 Tim Patrick
4%
94 Bucs 360 Tyler Johnson
4%
36 Rams 802 Van Jefferson
4%
59 Jaguars 548 Zay Jones
4%
90 Commanders 383 Adam Humphries
0%
HM Bucs 167 Breshad Perriman
0%
53 Falcons 571 Bryan Edwards
0%
56 Bears 568 Byron Pringle
0%
100 Texans 323 Chris Conley
0%
99 Bears 329 Damiere Byrd
0%
55 Saints 570 Deonte Harris
0%
50 Browns 597 Donovan Peoples-Jones
0%
96 Seahawks 343 Freddie Swain
0%
75 Chargers 448 Jalen Guyton
0%
95 Chargers 353 Josh Palmer
0%
87 Lions 396 Josh Reynolds
0%
45 Vikings 655 KJ Osborn
0%
80 Jaguars 434 Laquon Treadwell
0%
48 Jaguars 619 Laviska Shenault
0%
HM Saints 249 LilJordan Humphrey
0%
70 Patriots 473 Nelson Agholor
0%
69 Titans 476 Nick Westbrook-Ikhine
0%
HM Patriots 184 NKeal Harry
0%
86 Falcons 406 Olamide Zaccheaus
0%
HM Lions 204 Quintez Cephus
0%
93 (prob top 50) Giants 366 Sterling Shepard
0%
91 Saints 377 TreQuan Smith
0%
89 Colts 384 Zach Pascal
0%
No matching quizzes found
Score Distribution
Percent of People with Each Score
Percentile by Number Answered
Your Score History
You have not taken this quiz